[Event "Bagnara Calabra op-B"]
[Site "Bagnara Calabra"]
[Date "2009.01.06"]
[Round "7"]
[White "Zampaglione, Francesco"]
[Black "Pallonetto, Cristofaro"]
[Result "0-1"]
[WhiteElo "1368"]
[BlackElo "1473"]
[PlyCount "26"]
[EventDate "2009.01.02"]
[EventType "swiss"]
[EventRounds "7"]
[EventCountry "ITA"]
[SourceTitle "CBM 128 Extra"]
[Source "ChessBase"]
[SourceDate "2009.03.05"]
[SourceVersion "2"]
[SourceVersionDate "2009.03.25"]
[SourceQuality "1"]

1. e4 e5 2. Nf3 Nc6 3. Bb5 d6 4. 0-0 Bg4 5. d3 a6 6. Bxc6+ bxc6 7. Be3 Be7 8. Nbd2 Nf6 9. c3 Rb8 10. b4 0-0 11. Qa4 Qd7 12. Qxa6 Ra8 13. Qc4 Be6 0-1